| 000 | 01120njm a2200313Ia 4500 | ||
|---|---|---|---|
| 001 | 26671 | ||
| 003 | IT-RoPAU | ||
| 005 | 20220918181110.0 | ||
| 008 | 131025s9999 xx 000 0 und d | ||
| 040 | _aIT-RoPAU | ||
| 040 | _cIT-RoPAU | ||
| 041 | _aITAL/TED | ||
| 999 |
_c98928 _d98928 |
||
| 999 | _bSI | ||
| 100 |
_aBach Johann Sebastian _916202 |
||
| 100 |
_eAutore musica _916203 |
||
| 100 |
_gCodice autore musica SPICS: 9695 _916204 |
||
| 245 | _aCantate sacre di J.S. Bach (Le) 42 | ||
| 250 | _a1a ed. | ||
| 260 | _aROMA | ||
| 260 |
_bSPICS RECORDS _c1984 [1a Ed.:1984 - Ed. Lingua Orig.: 1984] |
||
| 300 | _aMUSICASSETTA | ||
| 300 | _c90 minuti (Testo: pag.) | ||
| 500 | _aMusica sacra. Cantata. | ||
| 505 | _aCantata BWV 029 Wir Danken Dir, Gott, Wir Danken Dir - Cantata BWV 113 Herr Jesu Christ, Du Hochstes Gut - Cantata BWV 179 Siehe Zu, Dass Deine Gottesfurcht Nicht He | ||
| 650 |
_aMUSICA SACRA [CASSETTE] _eCodice MATERIA SPICS: 9951 _916205 |
||
| 700 |
_aBasso Alberto _eInterprete _gCodice interprete SPICS: 9484 _916206 |
||
| 700 |
_aBasso Alberto _gCodice autore SPICS: 9484 _eAutore _916207 |
||
| 942 |
_cMC _2ddc |
||